Acciones reales casos y jurisprudencia
Guardat en:
| Autor principal: | |
|---|---|
| Format: | Llibre |
| Idioma: | espanyol |
| Publicat: |
Santiago
Libromar
2016
|
| Edició: | 1a. ed |
| Matèries: | |
| Etiquetes: |
Afegir etiqueta
Sense etiquetes, Sigues el primer a etiquetar aquest registre!
|
MARC
| LEADER | 00000cam a2200000 a 4500 | ||
|---|---|---|---|
| 001 | UCD4875 | ||
| 003 | CL-VaPUC | ||
| 008 | 160722e20160500cl |||||||||||||||||spa|d | ||
| 020 | |a 9789567890361 | ||
| 082 | 0 | 4 | |a 346.02 |b ZAV |2 21 |
| 100 | 0 | |a Zavala Ortiz, José Luis |e author |9 588562 | |
| 245 | 1 | 0 | |a Acciones reales casos y jurisprudencia |
| 250 | |a 1a. ed | ||
| 300 | |a 346 p | ||
| 942 | |c BK | ||
| 945 | |d 20160722 23:21:00 |a arojas | ||
| 260 | |a Santiago |b Libromar |c 2016 | ||
| 500 | |a Acción precario | ||
| 500 | |a Acción de demanda y cerramiento | ||
| 500 | |a Acción reivindicatoria | ||
| 500 | |a Interdictos posesorios | ||
| 650 | 7 | |a PRESTAMOS |2 CL-VaPUC |9 359045 | |
| 650 | 0 | |a Contratos reales |9 258716 | |
| 650 | 0 | |a Derecho civil |9 255013 | |
| 583 | |a last modification |c 20180717 04:21:22 |k Rodrigo Vera | ||
| 999 | |c 365667 |d 365665 | ||
| 952 | |0 0 |1 0 |3 erb |4 0 |6 346_020000000000000_ZAV_2016 |7 0 |8 A |9 479581 |a BIBDER |b BIBDER |i 529892K |o 346.02 ZAV 2016 |p 529892K |r 2023-01-25 |w 2019-11-24 |y BK |z Catalogado en:20160722 |k DER | ||